[Event "GER-ch U08 Girls"]
[Site "Willingen"]
[Date "2023.06.02"]
[Round "6"]
[White "Elsayed Esam, Sally"]
[Black "Hleizer, Ahata"]
[Result "0-1"]
[WhiteElo "921"]
[BlackElo "942"]
[PlyCount "210"]
[EventDate "2023.05.30"]
[EventType "swiss"]
[EventRounds "7"]
[EventCountry "GER"]
[SourceTitle "CBM 214 Extra"]
[Source "ChessBase"]
[SourceDate "2023.07.31"]
[SourceVersion "1"]
[SourceVersionDate "2023.07.31"]
[SourceQuality "1"]

1. d4 e5 2. dxe5 Nc6 3. Nf3 Qe7 4. Bf4 Qb4+ 5. Nbd2 Qxf4 6. g3 Qb4 7. b3 Bc5 8. Bg2 f6 9. exf6 Nxf6 10. 0-0 d6 11. Ng5 Qg4 12. Nge4 Nxe4 13. Nxe4 Bf5 14. Nxc5 dxc5 15. Qd2 0-0 16. Bf3 Qd4 17. Qc1 Be4 18. Rd1 Qe5 19. Bxe4 Qxe4 20. Re1 Qf5 21. Rf1 Nb4 22. Qd2 Qxc2 23. Qxc2 Nxc2 24. Rac1 Nd4 25. Rxc5 Nxe2+ 26. Kg2 Rf7 27. Re1 Nd4 28. Re4 Nc6 29. b4 a6 30. a4 Kf8 31. f4 Re8 32. Rec4 Ree7 33. b5 axb5 34. axb5 Na5 35. Ra4 b6 36. Rd5 Rd7 37. Rxd7 Rxd7 38. Re4 Rd2+ 39. Kh3 c5 40. bxc6 Nxc6 41. Re6 Rc2 42. f5 b5 43. f6 Kf7 44. Rd6 gxf6 45. Rd7+ Ne7 46. Rb7 Rb2 47. Kh4 b4 48. Kh3 b3 49. g4 Ke6 50. Kg3 f5 51. Kf4 fxg4 52. Kxg4 Rxh2 53. Rxb3 h5+ 54. Kg3 Rh1 55. Kg2 Rh4 56. Kg3 Rg4+ 57. Kf3 Nf5 58. Rb6+ Ke5 59. Rb5+ Kf6 60. Rb6+ Kg5 61. Rb2 Rg3+ 62. Ke4 Nd6+ 63. Kd5 Nf7 64. Ke6 Nd8+ 65. Ke7 Nc6+ 66. Kd6 Nd4 67. Kd5 Nf5 68. Ke5 Re3+ 69. Kd5 h4 70. Rh2 Ng3 71. Rd2 Re2 72. Rd3 Kg4 73. Rd1 h3 74. Kd6 h2 75. Kd5 h1Q+ 76. Rxh1 Nxh1 77. Kd4 Re8 78. Kd5 Kf4 79. Kd6 Kf5 80. Kd7 Re1 81. Kd6 Re2 82. Kd7 Kf6 83. Kd8 Kf7 84. Kd7 Rd2+ 85. Kc6 Ke6 86. Kc5 Ke5 87. Kc6 Ke6 88. Kc7 Ke7 89. Kc8 Rc2+ 90. Kb7 Kd8 91. Kb6 Kd7 92. Kb5 Kd6 93. Kb4 Rc1 94. Kb3 Kd5 95. Kb2 Rc8 96. Kb3 Rc7 97. Kb2 Kd4 98. Kb1 Kd3 99. Kb2 Rb7+ 100. Ka3 Kc2 101. Ka4 Kc3 102. Ka5 Kc4 103. Ka6 Rb1 104. Ka5 Rb2 105. Ka4 Ra2# 0-1